Single Global Currency (Record no. 323666)

MARC details
000 -LEADER
fixed length control field 00472nam a2200157Ia 4500
008 - FIXED-LENGTH DATA ELEMENTS--GENERAL INFORMATION
fixed length control field 230718s9999 xx 000 0 und d
041 ## - LANGUAGE CODE
Language code of text/sound track or separate title eng
082 ## - DEWEY DECIMAL CLASSIFICATION NUMBER
Classification number 332.4'5
Item number BOS
100 ## - MAIN ENTRY--PERSONAL NAME
Personal name Bose J. (Editor)
9 (RLIN) 171437
245 ## - TITLE STATEMENT
Title Single Global Currency
Remainder of title Perspectives And Challenges
260 ## - PUBLICATION, DISTRIBUTION, ETC. (IMPRINT)
Date of publication, distribution, etc. 2009
Name of publisher, distributor, etc. ICFAI University Press.
300 ## - PHYSICAL DESCRIPTION
Extent 267
365 ## - TRADE PRICE
Currency code Rs.
Price amount 450.00
700 ## - ADDED ENTRY--PERSONAL NAME
Personal name Bose J. (Editor)
9 (RLIN) 171437
906 ## - LOCAL DATA ELEMENT F, LDF (RLIN)
d O:0047922-Jan-2010B:109100073222-Jan-2010
c GENRL
b 90
Holdings
Withdrawn status Lost status Damaged status Not for loan Home library Current library Date acquired Vendor Budget Code Cost, normal purchase price Bill number Total Checkouts Full call number Barcode Date last seen Discount Cost, replacement price Bill Date Koha item type Original Barcode
        Cummins College of Engineering for Women Pune Cummins College of Engineering for Women Pune 22/01/2010 Varma Book Distributors GENRL 360.00 1091000732   332.4'5 CCEP-BK-34873 18/07/2023 90 450.00 22/01/2010 Books 034873